Building and managing a cloud using oracle enterprise manager 12c / (Record no. 75914)

MARC details
000 -LEADER
fixed length control field 00795nam a22002537a 4500
005 - DATE AND TIME OF LATEST TRANSACTION
control field 20130523123027.0
010 ## - LCCN (DPL NO)
LC control number ENG-107258
020 ## - INTERNATIONAL STANDARD BOOK NUMBER
International Standard Book Number 9781259096976
Terms of availability 495.00
020 ## - INTERNATIONAL STANDARD BOOK NUMBER
International Standard Book Number 1259096971
Terms of availability 495.00
035 ## - SYSTEM CONTROL NUMBER
System control number EN-90791
037 ## - SOURCE OF ACQUISITION
Source of stock number/acquisition DBAD/PUB
082 ## - DEWEY DECIMAL CLASSIFICATION NUMBER
Classification number 004.6782
100 ## - MAIN ENTRY--PERSONAL NAME
Personal name Gulati, Madhup
245 ## - TITLE STATEMENT
Title Building and managing a cloud using oracle enterprise manager 12c /
Statement of responsibility, etc by Madhup Gulati [and] Adeesh Fulay
260 ## - PUBLICATION, DISTRIBUTION, ETC. (IMPRINT)
Place of publication, distribution, etc New Delhi
Name of publisher, distributor, etc Tata McGraw Hill
Date of publication, distribution, etc 2013
270 ## - ADDRESS
Address P-24, Green Park Park, Extention
City New Delhi
Postal code 110095
300 ## - PHYSICAL DESCRIPTION
Extent xvi, 284p.:
Other physical details ill.
Dimensions 24cm(pbk)
500 ## - GENERAL NOTE
General note Includes index
650 ## - SUBJECT ADDED ENTRY--TOPICAL TERM
Topical term or geographic name as entry element Cloud computing.
650 ## - SUBJECT ADDED ENTRY--TOPICAL TERM
Topical term or geographic name as entry element Database management.
700 ## - ADDED ENTRY--PERSONAL NAME
Personal name Fulay, Adeesh
700 ## - ADDED ENTRY--PERSONAL NAME
Personal name Datta, Sudip
942 ## - ADDED ENTRY ELEMENTS (KOHA)
Source of classification or shelving scheme Dewey Decimal Classification
Item type English Books
Classification part 004.6782
Call number suffix GUL
Holdings
Withdrawn status Lost status Not for loan Collection code Home library Current library Date acquired Source of acquisition Cost, normal purchase price Full call number Barcode Copy number Cost, replacement price Koha item type
    Not For Loan Non-fiction D.B.Act.Division D.B.Act.Division 22/05/2013 DBAD/PUB 495.00 004.6782 GUL EN-90791 1 495.00 English Books

© Delhi Public Library
Hit Counter
free hit counter